[Event "Heusweiler op"]
[Site "Heusweiler"]
[Date "2001.04.10"]
[Round "5"]
[White "Schampel, Arno"]
[Black "Robine, Gerhard"]
[Result "1-0"]
[WhiteElo "1699"]
[BlackElo "1746"]
[PlyCount "83"]
[EventDate "2001.04.03"]
[EventType "swiss"]
[EventRounds "9"]
[EventCountry "GER"]
[SourceTitle "EXT 2008"]
[Source "ChessBase"]
[SourceDate "2007.11.25"]
[SourceVersion "1"]
[SourceVersionDate "2007.11.25"]
[SourceQuality "1"]

1. d4 Nf6 2. c4 e6 3. Nc3 Bb4 4. Qc2 b6 5. Nf3 Bb7 6. a3 Be7 7. e4 d6 8. Bd3 h6 9. 0-0 0-0 10. Bd2 Nbd7 11. Rac1 Rc8 12. Rfe1 e5 13. d5 Nh5 14. g3 Nhf6 15. Bf1 Nh7 16. Bh3 Ra8 17. b4 g5 18. g4 Re8 19. Ne2 Nhf8 20. Ng3 Ng6 21. Nf5 Bf8 22. Bf1 Bc8 23. h3 Bb7 24. Be3 Kh7 25. Nd2 Bc8 26. Be2 Nf4 27. Bxf4 gxf4 28. Nf3 Be7 29. Kh2 Rg8 30. Rg1 Rg6 31. Rg2 Rg8 32. Rcg1 Rg6 33. h4 f6 34. Kh1 a5 35. Qd3 axb4 36. axb4 Qe8 37. g5 fxg5 38. Nxe7 Qxe7 39. hxg5 hxg5 40. Nxg5+ Kg8 41. Qh3 Nf6 42. Ne6 1-0